| 000 | 00765nam a2200205 i 4500 | ||
|---|---|---|---|
| 001 | 129885 | ||
| 003 | ES-MaACL | ||
| 005 | 20250819081703.0 | ||
| 007 | t| | ||
| 008 | 070710s1959 sp ||||1| spa d | ||
| 080 | _a32(62+569.1) | ||
| 110 | 1 |
_aRepública Árabe Unida _96424 |
|
| 245 | 1 | 0 |
_aA los siete años de la revolución : _bla obra de un régimen al servicio del pueblo : 23 de julio de 1959 / _cRepública Árabe Unida. |
| 260 |
_aMadrid : _bDespacho de Presa, [Embajada de la RAU en España], _c[1959] |
||
| 300 |
_a79 p., 2 lám. : _bil., mapas ; _c19 cm. |
||
| 651 |
_aRepública Árabe Unida- _xPolítica y gobierno. _99306 |
||
| 651 | 4 |
_aEgipto- _xHistoria- _y1952-1970. _98143 |
|
| 852 |
_aES-MaACL _jC-20164 |
||
| 999 |
_c129885 _d129885 |
||